Top 15 Biggest UK Cities or Towns beginning with......L (excluding London!) - Statistics

General Stats
  • This quiz has been taken 461 times
  • The average score is 7 of 15
Answer Stats
Hint Answer % Correct
1 Leeds
95%
2 Liverpool
94%
3 Leicester
88%
6 Lincoln
74%
12 Lancaster
67%
4 Luton
66%
9 Loughborough
48%
5 Londonderry
37%
7 Lisburn
26%
8 Lowestoft
26%
13 Llanelli
21%
11 Littlehampton
19%
10 Livingston
19%
14 Lytham St Anne’s
8%
15 Leyland
4%
No matching quizzes found
Score Distribution
Percent of People with Each Score
Percentile by Number Answered
Your Score History
You have not taken this quiz